[Event "Wakefield 4NCL op-B 13th"]
[Site "Wakefield"]
[Date "2017.04.08"]
[Round "3.9"]
[White "Cuaresma, Bien"]
[Black "Goodfellow, Russell Robert"]
[Result "1-0"]
[WhiteElo "1519"]
[BlackElo "1864"]
[PlyCount "91"]
[EventDate "2017.04.07"]
[EventType "swiss"]
[EventRounds "5"]
[EventCountry "ENG"]
[SourceTitle "EXT 2023"]
[Source "ChessBase"]
[SourceDate "2022.10.05"]
[SourceVersion "1"]
[SourceVersionDate "2022.10.05"]
[SourceQuality "1"]

1. d4 f5 2. Nf3 e6 3. Nc3 Nf6 4. e3 b6 5. Ne2 Bb7 6. Ng3 Na6 7. c3 c5 8. Bd3 Be7 9. 0-0 0-0 10. Qe2 Nc7 11. a4 a6 12. b3 Ncd5 13. Bd2 f4 14. Ne4 Nxe4 15. Bxe4 Nxc3 16. Bxh7+ Kxh7 17. Bxc3 Qe8 18. e4 Qh5 19. Rfe1 Rad8 20. Qd3 g5 21. h3 Kg8 22. Nh2 Bc8 23. f3 Qg6 24. Ng4 d6 25. Qe2 Rf7 26. a5 cxd4 27. Bxd4 b5 28. Rac1 e5 29. Bb6 Re8 30. Rc3 Bf8 31. Rec1 Be6 32. Qc2 Bg7 33. Qd2 Rd7 34. Rd3 d5 35. exd5 Bf5 36. Rdc3 e4 37. Rc6 Qf7 38. Rc8 Rxc8 39. Rxc8+ Kh7 40. fxe4 Bxe4 41. Qe2 Qxd5 42. Nf2 Bxg2 43. Rc5 Qf3 44. Qc2+ Kg8 45. Rc8+ Bf8 46. Bc5 1-0